|
|
|
|
| LEADER |
00000cam a2200000 a 4500 |
| 001 |
vtls001094510 |
| 003 |
SK-MaSNL |
| 005 |
20260301231332.0 |
| 008 |
240314s1985 xo g 00000 slo |
| 015 |
|
|
|a SNBA1985/06
|
| 020 |
|
|
|q (viaz.)
|
| 035 |
|
|
|a SNK000037352
|
| 040 |
|
|
|a SNK
|b slo
|c SNK
|e AACR2
|
| 041 |
0 |
|
|a slo
|
| 044 |
|
|
|a xo
|c SK
|
| 080 |
|
|
|a 613.88/.89
|2 1981
|
| 100 |
1 |
|
|a Böhm, Alfonz,
|d 1930-1982
|4 aut
|9 40130
|
| 245 |
1 |
0 |
|a Dve knihy o láske
|c Alfonz Böhm
|
| 250 |
|
|
|a 1. vyd., spoločné
|
| 260 |
|
|
|a Martin
|b Osveta
|c 1985
|e Banská Bystrica
|f Tlačiarne SNP
|
| 300 |
|
|
|a 208 s.
|c 20 cm
|
| 366 |
|
|
|e 20000 výtl.
|
| 500 |
|
|
|a Epištoly o láske a bolesti 4. vyd. Druhá kniha o láske 3. vyd., 1. vyd. spoločne
|
| 650 |
0 |
7 |
|a láska
|2 SNKPH
|9 4351
|
| 650 |
0 |
7 |
|a manželstvo
|2 SNKPH
|9 659
|
| 650 |
0 |
7 |
|a sex
|2 SNKPH
|9 2586
|
| 650 |
0 |
7 |
|a sexuálna hygiena
|2 SNKPH
|9 66683
|
| 650 |
0 |
7 |
|a výchova k rodičovstvu
|2 SNKPH
|9 1693
|
| 655 |
|
7 |
|a príručky
|2 SNKPH
|9 74364
|
| 655 |
|
7 |
|a eseje
|2 SNKPH
|9 57030
|
| 700 |
1 |
|
|a Ďurík, Peter,
|d 1947-
|4 bjd
|9 85892
|
| 740 |
0 |
2 |
|a Epištoly o láske a bolesti
|
| 740 |
0 |
2 |
|a Druhá kniha o láske
|
| 852 |
|
|
|a Slovenská národná knižnica
|
| 954 |
|
|
|a odborná, vedecká literatúra pôvodná (slovenská)
|2 lita
|
| 958 |
|
|
|a OND
|
| 958 |
|
|
|a TL
|
| 999 |
|
|
|c 958043
|d 959973
|
| 952 |
|
|
|t P60, <04>, [BOOK], {604}
|a SNK
|b SNK
|y VYP
|7 0
|p 17A0257184
|o snkSD 56828 D1
|0 0
|1 0
|4 0
|d 2000-11-16
|l 0
|r 2004-12-31 00:00:00
|w 2026-02-24
|